বাগর্থকৌতুকী (Record no. 19329)

MARC details
000 -LEADER
fixed length control field 00660nam a22001937a 4500
003 - CONTROL NUMBER IDENTIFIER
control field BDDh-ASL
005 - DATE AND TIME OF LATEST TRANSACTION
control field 20231015025756.0
008 - FIXED-LENGTH DATA ELEMENTS--GENERAL INFORMATION
fixed length control field 201123s2010 b ||||| |||| 00| 0 b d
040 ## - CATALOGING SOURCE
Original cataloging agency BDDh-ASL
Transcribing agency BDDh-ASL
041 ## - LANGUAGE CODE
Language code of text/sound track or separate title ben
082 ## - DEWEY DECIMAL CLASSIFICATION NUMBER
Classification number 891.44
Item number CHB
100 1# - MAIN ENTRY--PERSONAL NAME
9 (RLIN) 2210
Personal name চাকী, জ্যোতিভূষণ
245 10 - TITLE STATEMENT
Title বাগর্থকৌতুকী
246 ## - VARYING FORM OF TITLE
Title proper/short title Bagarthakoutuki
260 ## - PUBLICATION, DISTRIBUTION, ETC.
Place of publication, distribution, etc. কলকাতা:
Name of publisher, distributor, etc. আনন্দ পাবলিশার্স,
Date of publication, distribution, etc. ২০১০.
300 ## - PHYSICAL DESCRIPTION
Extent পৃ. ১৬০:
Dimensions ২২ সে.মি.।
650 #0 - SUBJECT ADDED ENTRY--TOPICAL TERM
9 (RLIN) 1556
Topical term or geographic name entry element বাংলা সাহিত্য
General subdivision কৌতুক
942 ## - ADDED ENTRY ELEMENTS (KOHA)
Source of classification or shelving scheme Dewey Decimal Classification
Koha item type Books
Holdings
Withdrawn status Lost status Source of classification or shelving scheme Damaged status Not for loan Collection code Home library Current library Shelving location Date acquired Source of acquisition Total Checkouts Full call number Barcode Date last seen Copy number Price effective from Koha item type
    Dewey Decimal Classification     Non-fiction Asiatic Society Library Asiatic Society Library Dhaka Collection 11/23/2020 Donated by Prof. M. Abdul Qayyum & Dr. Razia Sultana   891.44 CHB 102644 11/23/2020 C-1 11/23/2020 Books

Powered by Koha